[Event "68th ch-RUS HL 2015"]
[Site "Kaliningrad RUS"]
[Date "2015.06.23"]
[Round "2.9"]
[White "Landa, Konstantin"]
[Black "Frolyanov, Dmitry"]
[Result "0-1"]
[WhiteTitle "GM"]
[BlackTitle "GM"]
[WhiteElo "2627"]
[BlackElo "2566"]
[WhiteFideId "4101685"]
[BlackFideId "4151976"]
[EventDate "2015.06.22"]

1. d4 d5 2. c4 e6 3. Nf3 Nf6 4. g3 dxc4 5. Bg2 Nc6 6. Nc3 Bb4 7. a3 Bxc3+ 8.
bxc3 O-O 9. O-O Rb8 10. Rb1 b6 11. Bg5 h6 12. Bxf6 Qxf6 13. Qa4 Na5 14. Ne5 Qe7
15. Qb4 Qd6 16. Nxc4 Nxc4 17. Qxc4 Bb7 18. Bxb7 Rxb7 19. Qa6 Rbb8 20. a4 Rfd8
21. e3 Qc6 22. c4 Ra8 23. a5 e5 24. dxe5 Qe4 25. Qb5 Re8 26. Qd7 Rxe5 27. Qxc7
Rxa5 28. Rb5 Rxb5 29. cxb5 Qd5 30. Rb1 Qf5 31. Ra1 Qxb5 32. Rxa7 Rxa7 33. Qb8+
Kh7 34. Qxa7 Qb3 35. h4 b5 36. Qc5 Qb1+ 37. Kh2 b4 38. Qd5 b3 39. e4 Qc2 40.
Qxf7 b2 41. Qf5+ Kg8 42. Qe6+ Kh8 0-1

[Event "68th ch-RUS HL 2015"]
[Site "Kaliningrad RUS"]
[Date "2015.06.23"]
[Round "2.10"]
[White "Inarkiev, Ernesto"]
[Black "Pridorozhni, Aleksei"]
[Result "1-0"]
[WhiteTitle "GM"]
[BlackTitle "GM"]
[WhiteElo "2668"]
[BlackElo "2556"]
[WhiteFideId "4162722"]
[BlackFideId "4127870"]
[EventDate "2015.06.22"]

1. d4 e6 2. c4 f5 3. Nc3 Nf6 4. Qc2 Bb4 5. e3 b6 6. Bd3 Bb7 7. f3 Qe7 8. Ne2 Nc6
9. a3 Bxc3+ 10. Qxc3 d5 11. O-O dxc4 12. Bxc4 O-O-O 13. Nf4 Nd5 14. Nxd5 exd5
15. Bd3 g6 16. b4 Rhe8 17. Bd2 Rd6 18. Rfe1 Re6 19. Rac1 Kb8 20. e4 fxe4 21.
fxe4 Qd7 22. b5 Ne7 23. e5 Rc8 24. Qb4 Nf5 25. Rf1 Qd8 26. a4 c6 27. Rxf5 gxf5
28. Bxf5 Qe8 29. Rf1 c5 30. Qa3 Rc7 31. Bxe6 Qxe6 32. a5 Qg4 33. e6 1-0

[Event "68th ch-RUS HL 2015"]
[Site "Kaliningrad RUS"]
[Date "2015.06.23"]
[Round "2.12"]
[White "Lintchevski, Daniil"]
[Black "Sjugirov, Sanan"]
[Result "1-0"]
[WhiteTitle "GM"]
[BlackTitle "GM"]
[WhiteElo "2557"]
[BlackElo "2662"]
[WhiteFideId "4171055"]
[BlackFideId "4189302"]
[EventDate "2015.06.22"]

1. Nf3 Nf6 2. c4 e6 3. g3 d5 4. Bg2 dxc4 5. Qa4+ Nbd7 6. Qxc4 a6 7. Qc2 c5 8.
Nc3 Qc7 9. d4 b5 10. Bf4 Qa7 11. dxc5 Bxc5 12. O-O Bb7 13. Rad1 Rc8 14. Qd3 O-O
15. Bd6 Rfe8 16. a3 h6 17. Bxc5 Qxc5 18. Qd4 Nb6 19. Qxc5 Rxc5 20. Nd2 Bxg2 21.
Kxg2 Rc7 22. Rfe1 Nfd5 23. Nxd5 Nxd5 24. e4 Nf6 25. e5 Nd5 26. Ne4 Rc2 27. b4
Rec8 28. Rd3 Rc1 29. Rxc1 Rxc1 30. Nc5 Rc2 31. Nxa6 Re2 32. Nb8 Rxe5 33. Nc6 Rg5
34. h4 Rh5 35. Na7 g5 36. Nxb5 gxh4 37. Nc3 Nxc3 38. Rxc3 hxg3 39. Rc8+ Kg7 40.
fxg3 Rb5 41. Kf3 Kf6 42. Ke4 Rg5 43. Kd4 Rg4+ 44. Kc5 Rxg3 45. Ra8 h5 46. a4 h4
47. a5 h3 48. Rh8 Kg7 49. Rh4 Ra3 50. Kb6 Ra4 51. Kb5 Ra3 52. a6 Kf6 53. Kb6 Ra4
54. a7 h2 55. Rxh2 Rxb4+ 56. Ka5 1-0

[Event "68th ch-RUS HL 2015"]
[Site "Kaliningrad RUS"]
[Date "2015.06.23"]
[Round "2.14"]
[White "Mokshanov, Alexey"]
[Black "Riazantsev, Alexander"]
[Result "1/2-1/2"]
[WhiteTitle "IM"]
[BlackTitle "GM"]
[WhiteElo "2458"]
[BlackElo "2658"]
[WhiteFideId "24121657"]
[BlackFideId "4125029"]
[EventDate "2015.06.22"]

1. e4 e6 2. d4 d5 3. e5 c5 4. c3 Nc6 5. Nf3 Qb6 6. Be2 cxd4 7. cxd4 Nge7 8. Na3
Nf5 9. Nc2 Bd7 10. O-O Na5 11. b3 Bb5 12. Bxb5+ Qxb5 13. Ba3 Bxa3 14. Nxa3 Qa6
15. Nc2 O-O 16. Qd2 Rac8 17. Ne3 Nxe3 18. fxe3 Nc6 19. Ne1 Qa5 20. Qxa5 Nxa5 21.
Nd3 Rc3 22. Rfd1 Rfc8 23. Rac1 h6 24. Nc5 Rxc1 25. Rxc1 b6 26. Nd3 Rxc1+ 27.
Nxc1 Kf8 28. Kf2 Ke7 29. Nd3 Nc6 30. Ke2 f6 31. exf6+ Kxf6 32. h3 Kf5 33. g4+
Kf6 34. Kf2 g5 35. Ke2 Ke7 36. Kd2 Kd6 37. Ne1 e5 38. Nf3 e4 39. Ne1 Nb4 40. a3
Nc6 41. Nc2 Ne7 42. Ne1 Ng8 43. Ke2 Ne7 44. Kd2 Kc6 45. Nc2 Ng6 46. Nb4+ Kd6 47.
Na2 Nh4 48. Nc3 Nf3+ 49. Ke2 Kc6 50. a4 a5 51. Nb5 Nh4 52. Na7+ Kd7 53. Nb5 Ng6
54. Kd2 Ne7 55. Nc3 Kc6 56. Nb5 Ng8 57. Ke2 Nf6 58. Kf2 h5 59. gxh5 Nxh5 60. Nc3
Kd6 61. Nb5+ Kd7 62. Nc3 Ke6 63. Nb5 Ng7 64. Nc7+ Kd6 65. Nb5+ Ke6 66. Nc7+ Kd6
67. Nb5+ Ke6 68. Nc7+ 1/2-1/2

[Event "68th ch-RUS HL 2015"]
[Site "Kaliningrad RUS"]
[Date "2015.06.23"]
[Round "2.15"]
[White "Grachev, Boris"]
[Black "Eliseev, Urii"]
[Result "1/2-1/2"]
[WhiteTitle "GM"]
[BlackTitle "GM"]
[WhiteElo "2657"]
[BlackElo "2530"]
[WhiteFideId "4129199"]
[BlackFideId "24131920"]
[EventDate "2015.06.22"]

1. d4 Nf6 2. Nf3 g6 3. Bg5 Bg7 4. Nbd2 d5 5. e3 O-O 6. c3 Nbd7 7. Be2 Re8 8. O-O
e5 9. c4 exd4 10. Nxd4 dxc4 11. Nxc4 Nb6 12. Rc1 c6 13. h3 a6 14. Bh4 Nxc4 15.
Bxc4 Qe7 16. a4 h6 17. Bxf6 Bxf6 18. Qc2 Kg7 19. Rfd1 Qb4 20. b3 Bd7 21. Nf3
Rad8 22. e4 Bc8 23. Rxd8 Rxd8 24. e5 Be7 25. g4 Qa5 26. Qe4 Be6 27. Bxe6 fxe6
28. Nd4 Qd5 29. Qxd5 Rxd5 30. Nxe6+ Kf7 31. Nf4 Rxe5 32. Rd1 Re4 33. Nd3 Re2 34.
Kg2 Rc2 35. Ne5+ Kf6 36. Rd7 b5 37. axb5 axb5 38. Nxg6 Bc5 39. Nf4 Rxf2+ 40. Kg3
Rc2 41. Kf3 Rc3+ 42. Ke4 1/2-1/2

[Event "68th ch-RUS HL 2015"]
[Site "Kaliningrad RUS"]
[Date "2015.06.23"]
[Round "2.16"]
[White "Alekseev, Evgeny"]
[Black "Gordievsky, Dmitry"]
[Result "1-0"]
[WhiteTitle "GM"]
[BlackTitle "FM"]
[WhiteElo "2651"]
[BlackElo "2491"]
[WhiteFideId "4138147"]
[BlackFideId "24112798"]
[EventDate "2015.06.22"]

1. e4 c5 2. Nf3 d6 3. d4 cxd4 4. Nxd4 Nf6 5. Nc3 a6 6. g3 e5 7. Nde2 Be7 8. Bg2
Nbd7 9. a4 b6 10. Nd5 Nxd5 11. Qxd5 Rb8 12. Nc3 Nf6 13. Qd3 h6 14. O-O O-O 15.
b3 Qc7 16. Bb2 Bb7 17. Rfd1 Rbc8 18. Rd2 Rfd8 19. Re1 Qb8 20. Qe2 Qa8 21. Qe3 d5
22. Nxd5 Nxd5 23. exd5 Bg5 24. f4 exf4 25. gxf4 Re8 26. Be5 f6 27. Qf2 Rxe5 28.
fxe5 Bxd2 29. Qxd2 fxe5 30. Rxe5 Re8 31. Qe3 Rxe5 32. Qxe5 b5 33. Be4 Qc8 34.
axb5 axb5 35. Kf2 b4 36. Ke2 Qg4+ 37. Kd2 Qd7 38. Ke3 Qc8 39. Qe6+ Qxe6 40. dxe6
Bc8 41. Bf5 Bb7 42. Kd4 Kf8 43. Kc5 Ke7 44. Kxb4 g5 45. Kc5 h5 46. b4 g4 47. b5 1-0

[Event "68th ch-RUS HL 2015"]
[Site "Kaliningrad RUS"]
[Date "2015.06.25"]
[Round "4.1"]
[White "Artemiev, Vladislav"]
[Black "Popov, Ivan RUS"]
[Result "1/2-1/2"]
[WhiteTitle "GM"]
[BlackTitle "GM"]
[WhiteElo "2660"]
[BlackElo "2647"]
[WhiteFideId "24101605"]
[BlackFideId "4170350"]
[EventDate "2015.06.22"]

1. c4 e5 2. g3 Nf6 3. Bg2 Nc6 4. Nf3 Bc5 5. O-O d6 6. Nc3 O-O 7. e3 a6 8. b3 Ba7
9. Qc2 Bd7 10. Nh4 Re8 11. Bb2 Nb4 12. Qb1 Bc6 13. f3 a5 14. a3 Na6 15. Qc2 d5
16. cxd5 Nxd5 17. f4 Nxc3 18. Bxc3 Bxg2 19. Nxg2 e4 20. Bxa5 Qd5 21. Bc3 Nc5 22.
b4 Nd3 23. f5 c6 24. Nf4 Nxf4 25. Rxf4 f6 26. Qa2 Rad8 27. a4 Qxa2 28. Rxa2 Rd3
29. Rc2 Bb8 30. Rf1 h5 31. Rb2 Rd5 32. Kg2 Kh7 33. b5 cxb5 34. Rxb5 Rxb5 35.
axb5 Be5 36. Rc1 Rc8 37. Bb2 Rxc1 38. Bxc1 Kh6 39. Ba3 Kg5 40. Bf8 Kxf5 41. Bxg7
Bd6 42. Bh6 Bb4 43. Bf4 Bxd2 44. Kh3 Be1 45. Bc7 Kg6 46. g4 f5 47. gxh5+ Kxh5 1/2-1/2

[Event "68th ch-RUS HL 2015"]
[Site "Kaliningrad RUS"]
[Date "2015.06.25"]
[Round "4.3"]
[White "Kobalia, Mikhail"]
[Black "Khairullin, Ildar"]
[Result "1/2-1/2"]
[WhiteTitle "GM"]
[BlackTitle "GM"]
[WhiteElo "2623"]
[BlackElo "2653"]
[WhiteFideId "4119150"]
[BlackFideId "4151348"]
[EventDate "2015.06.22"]

1. e4 c6 2. d4 d5 3. Nd2 dxe4 4. Nxe4 Nd7 5. Bd3 Ngf6 6. Ng5 e6 7. Qe2 Bd6 8.
N1f3 h6 9. Ne4 Nxe4 10. Qxe4 Nf6 11. Qe2 b6 12. O-O Bb7 13. Ne5 Qc7 14. Bf4 O-O
15. Rad1 c5 16. dxc5 bxc5 17. Bg3 Rad8 18. Rfe1 Ba8 19. Nc4 Bxg3 20. hxg3 Qb7
21. f3 Rd5 22. c3 Rfd8 23. Ne3 R5d6 24. Nc4 Rd5 25. Ne3 R5d6 26. Nc4 1/2-1/2

[Event "68th ch-RUS HL 2015"]
[Site "Kaliningrad RUS"]
[Date "2015.06.25"]
[Round "4.4"]
[White "Bukavshin, Ivan"]
[Black "Frolyanov, Dmitry"]
[Result "1/2-1/2"]
[WhiteTitle "GM"]
[BlackTitle "GM"]
[WhiteElo "2647"]
[BlackElo "2566"]
[WhiteFideId "4199758"]
[BlackFideId "4151976"]
[EventDate "2015.06.22"]

1. Nf3 d5 2. g3 g6 3. Bg2 Bg7 4. d4 c6 5. O-O Nf6 6. c4 O-O 7. b3 Bf5 8. Bb2
Nbd7 9. e3 b5 10. Nh4 Be6 11. cxd5 cxd5 12. Nc3 a6 13. Qd3 Nb6 14. Ba3 Bc8 15.
Rfc1 Bb7 16. Nf3 Nbd7 17. Ne5 Re8 18. Nxd7 Qxd7 19. Bc5 Bc6 20. a4 bxa4 21. Nxa4
Bb5 22. Qc2 Qb7 23. Nb6 Rab8 24. Qa2 Ne4 25. b4 e6 26. Bf1 Qc6 27. Na4 Bxf1 28.
Rxf1 Nxc5 29. Nxc5 Rxb4 30. Qxa6 Qxa6 31. Rxa6 Rc4 32. Nd3 Rc3 33. Nf4 Bh6 34.
Rfa1 Bxf4 35. gxf4 Rec8 36. Ra8 Rxa8 37. Rxa8+ Kg7 38. Kg2 Rc2 39. Ra7 Rb2 40.
Rc7 Ra2 41. Rb7 1/2-1/2

[Event "68th ch-RUS HL 2015"]
[Site "Kaliningrad RUS"]
[Date "2015.06.25"]
[Round "4.7"]
[White "Bocharov, Dmitry"]
[Black "Fedoseev, Vladimir3"]
[Result "0-1"]
[WhiteTitle "GM"]
[BlackTitle "GM"]
[WhiteElo "2580"]
[BlackElo "2674"]
[WhiteFideId "4138716"]
[BlackFideId "24130737"]
[EventDate "2015.06.22"]

1. d4 d5 2. c4 c6 3. Nf3 Nf6 4. e3 Bf5 5. Nc3 e6 6. Nh4 Bg6 7. Nxg6 hxg6 8. Bd3
Bd6 9. Bd2 Nbd7 10. Qe2 dxc4 11. Bxc4 a6 12. e4 Bc7 13. e5 Nd5 14. Ne4 Qe7 15.
Rc1 f5 16. Ng5 N7b6 17. Bb3 Rh4 18. O-O Rxd4 19. f4 O-O-O 20. Be3 Rxf4 21. Bxf4
Nxf4 22. Rxf4 Qxg5 23. Bxe6+ Kb8 24. Rcf1 Re8 25. Bb3 Rxe5 26. Qf2 Qe7 27. Qh4
g5 28. Qh8+ Ka7 29. R4f2 Nd5 30. Bxd5 Bb6 31. Bc4 Re4 32. Qg8 Rf4 33. Qe6 Qc5
34. Qe2 Qxc4 0-1

[Event "68th ch-RUS HL 2015"]
[Site "Kaliningrad RUS"]
[Date "2015.06.25"]
[Round "4.8"]
[White "Inarkiev, Ernesto"]
[Black "Demchenko, Anton"]
[Result "0-1"]
[WhiteTitle "GM"]
[BlackTitle "GM"]
[WhiteElo "2668"]
[BlackElo "2589"]
[WhiteFideId "4162722"]
[BlackFideId "4160258"]
[EventDate "2015.06.22"]

1. d4 Nf6 2. c4 g6 3. g3 Bg7 4. Bg2 O-O 5. Nc3 d6 6. Nf3 Nbd7 7. O-O e5 8. e4
exd4 9. Nxd4 Re8 10. b3 c6 11. Be3 a5 12. h3 a4 13. Rb1 axb3 14. axb3 Nc5 15.
Qc2 Qe7 16. Rfe1 Nfxe4 17. Nxe4 Nxe4 18. Rbd1 Nf6 19. Qd2 Bd7 20. Bf4 Qf8 21.
Rxe8 Qxe8 22. Bxd6 Ne4 23. Bxe4 Qxe4 24. Kh2 h5 25. Qd3 Qxd3 26. Rxd3 Ra2 27.
Kg2 b5 28. Nf3 bxc4 29. bxc4 Be6 30. Bf4 Ra8 31. Nd2 Bf8 32. f3 Be7 33. g4 Ra2
34. Kf1 Kh7 35. Be5 g5 36. Ke1 Kg6 37. Rb3 Ra4 38. Rb7 Bb4 39. Kd1 Bxd2 40. Kxd2
Rxc4 41. Ke3 Rc1 42. Bb2 Rb1 43. Rb8 f6 44. Rb4 f5 45. gxh5+ Kxh5 46. f4 Rh1 47.
Kd4 Rxh3 48. Ke5 Re3+ 49. Kf6 gxf4 50. Rxf4 Bc8 51. Bd4 Rg3 52. Bf2 Rg4 53. Rf3
Rg2 54. Rf4 Rg6+ 55. Ke5 Rg2 56. Kf6 Rg4 57. Ke5 Rxf4 58. Kxf4 Kg6 59. Ke5 Ba6
60. Be3 Bd3 61. Kf4 Kf6 62. Bd4+ Ke6 63. Ke3 Be4 64. Bg7 Kd5 65. Bf8 Kc4 66. Be7
c5 67. Bd6 Bc6 68. Be7 Bd7 69. Bf8 Bc8 70. Be7 Kb5 71. Bd6 Bd7 72. Kd3 Kc6 73.
Bf8 Kd5 74. Ke3 Kc4 75. Be7 Bc6 76. Bf8 Kb5 77. Bd6 Be4 78. Be7 Bb1 79. Bd6 Bc2
80. Kd2 Be4 81. Ke3 c4 82. Kd4 Bd3 83. Kc3 Kc6 84. Bb8 Kd5 85. Kd2 Ke4 86. Bc7
Kf3 87. Bb8 f4 88. Be5 Kg4 89. Bd6 Bh7 90. Be5 Bg6 91. Ke2 Bf7 92. Kd2 Bd5 93.
Ke2 Bg8 94. Kd2 f3 95. Ke3 Bh7 96. Kf2 Kf5 97. Bg7 Ke4 98. Bb2 Bf5 99. Bf6 Bd7
100. Ke1 Kd3 101. Be5 Ke3 102. Bg3 c3 103. Bf2+ Kd3 104. Bh4 Kc2 105. Bf6 Bc6
106. Be5 Kb3 107. Bd4 c2 108. Kd2 Bb5 109. Kc1 Kc4 110. Bb6 Kd3 111. Bc5 Ba4 0-1

[Event "68th ch-RUS HL 2015"]
[Site "Kaliningrad RUS"]
[Date "2015.06.25"]
[Round "4.9"]
[White "Shariyazdanov, Andrey"]
[Black "Riazantsev, Alexander"]
[Result "1-0"]
[WhiteTitle "GM"]
[BlackTitle "GM"]
[WhiteElo "2535"]
[BlackElo "2658"]
[WhiteFideId "4122747"]
[BlackFideId "4125029"]
[EventDate "2015.06.22"]

1. c4 c5 2. g3 Nc6 3. Bg2 g6 4. Nf3 Bg7 5. O-O e5 6. Nc3 Nge7 7. a3 O-O 8. Rb1
d5 9. cxd5 Nxd5 10. Nxd5 Qxd5 11. d3 e4 12. Nd2 Qa2 13. Bxe4 Re8 14. Re1 Bg4 15.
Bxc6 bxc6 16. f3 Bf5 17. Qc2 Rad8 18. Ne4 Bxe4 19. fxe4 c4 20. Bd2 Bd4+ 21. Kg2
cxd3 22. exd3 Rb8 23. Be3 Rxb2 24. Rxb2 Qxb2 25. Qxb2 Bxb2 26. a4 Rd8 27. Rd1
Bd4 28. Kf3 Kf8 29. Rc1 Rd6 30. Rc4 Bxe3 31. Kxe3 Ke7 32. Rc5 Kd8 33. d4 Kc7 34.
g4 h6 35. h4 Kb7 36. h5 Re6 37. Rc2 gxh5 38. gxh5 Rf6 39. Rf2 Rxf2 40. Kxf2 Kc7
41. Kg3 Kb6 42. Kf4 Ka5 43. d5 cxd5 44. exd5 Kb6 45. Ke5 Kc5 46. a5 1-0

[Event "68th ch-RUS HL 2015"]
[Site "Kaliningrad RUS"]
[Date "2015.06.25"]
[Round "4.10"]
[White "Yandemirov, Valeri"]
[Black "Zvjaginsev, Vadim"]
[Result "0-1"]
[WhiteTitle "GM"]
[BlackTitle "GM"]
[WhiteElo "2405"]
[BlackElo "2648"]
[WhiteFideId "4102622"]
[BlackFideId "4113403"]
[EventDate "2015.06.22"]

1. Nf3 c5 2. g3 Nc6 3. d4 cxd4 4. Nxd4 g6 5. Bg2 Bg7 6. Nxc6 dxc6 7. Qxd8+ Kxd8
8. O-O Bg4 9. Rd1+ Kc7 10. f3 Bd7 11. c3 Nh6 12. Nd2 Rad8 13. Nb3 Nf5 14. e4 Nd6
15. Bf1 b6 16. Be3 h5 17. Rd2 c5 18. Re1 Be6 19. Bg5 Bf6 20. Bxf6 exf6 21. Red1
Nb7 22. Rxd8 Nxd8 23. Nd2 Nc6 24. Nc4 Ne5 25. Nxe5 fxe5 26. h4 Bxa2 27. Ra1 Be6
28. Rxa7+ Kb8 29. Re7 Rd8 30. Bb5 Rd1+ 31. Kf2 Kc8 32. Ke3 Rb1 33. Re8+ Kc7 34.
Re7+ Kd6 35. Rb7 Rxb2 36. c4 Rb3+ 37. Kf2 Rb4 38. Rxb6+ Ke7 39. Rb7+ Kf8 40.
Rb8+ Kg7 41. Re8 Kf6 42. Ra8 Bxc4 43. Ra6+ Kg7 44. Bxc4 Rxc4 45. Rc6 Rc2+ 46.
Ke3 c4 47. f4 Rc3+ 48. Kf2 exf4 49. gxf4 Rc1 50. f5 gxf5 51. exf5 c3 52. Ke2 c2
53. Kd3 Rd1+ 54. Kxc2 Rd4 55. Ra6 Rxh4 56. Kd3 Rf4 57. Ke3 Rxf5 58. Ra8 Kh6 59.
Rh8+ Kg5 60. Rg8+ Kh4 61. Rg7 Kh3 62. Ke2 h4 63. Rg8 Kh2 64. Ke1 h3 65. Re8 Rf6
66. Rd8 Kg2 67. Rd2+ Kg1 68. Rd3 Rf1+ 69. Ke2 Rf2+ 0-1

[Event "68th ch-RUS HL 2015"]
[Site "Kaliningrad RUS"]
[Date "2015.06.25"]
[Round "4.11"]
[White "Motylev, Alexander"]
[Black "Pridorozhni, Aleksei"]
[Result "1-0"]
[WhiteTitle "GM"]
[BlackTitle "GM"]
[WhiteElo "2643"]
[BlackElo "2556"]
[WhiteFideId "4121830"]
[BlackFideId "4127870"]
[EventDate "2015.06.22"]

1. e4 c5 2. Nf3 a6 3. c4 Nc6 4. d4 cxd4 5. Nxd4 e5 6. Nc2 Bc5 7. Nc3 d6 8. Be2
Nf6 9. O-O Be6 10. Kh1 Rc8 11. f4 h6 12. b3 Nd4 13. Bb2 O-O 14. Na4 Nxe2 15.
Qxe2 Ba7 16. fxe5 Ng4 17. Bd4 Bb8 18. Nb6 Rc6 19. Nd5 dxe5 20. Bg1 Bc8 21. Rad1
Qh4 22. g3 Qg5 23. h4 Qd8 24. Nde3 Qa5 25. Nxg4 Qxa2 26. Nge3 Qxb3 27. Rb1 Qc3
28. Nb4 Rg6 29. Rf3 b5 30. Nbd5 1-0

[Event "68th ch-RUS HL 2015"]
[Site "Kaliningrad RUS"]
[Date "2015.06.25"]
[Round "4.12"]
[White "Najer, Evgeniy"]
[Black "Paravyan, David"]
[Result "0-1"]
[WhiteTitle "GM"]
[BlackTitle "IM"]
[WhiteElo "2661"]
[BlackElo "2478"]
[WhiteFideId "4118987"]
[BlackFideId "4194985"]
[EventDate "2015.06.22"]

1. d4 Nf6 2. c4 g6 3. Nc3 d5 4. Qb3 dxc4 5. Qxc4 Be6 6. Qb5+ Bd7 7. Qb3 c5 8.
dxc5 Na6 9. Qa3 Rc8 10. b4 Nb8 11. Qb3 Bg7 12. Bb2 a5 13. a3 Be6 14. Qa4+ Nfd7
15. e3 O-O 16. Nf3 b6 17. Nd4 axb4 18. axb4 Bg4 19. c6 Bxd4 20. exd4 Nxc6 21.
Ba6 b5 22. Qxb5 Nxd4 23. Qg5 Nc2+ 24. Kf1 Nf6 25. Bxc8 Qd3+ 26. Kg1 Rxc8 27. Rc1
Rxc3 28. Bxc3 Qxc3 29. Qc5 Qxc5 30. bxc5 Nd4 31. Rc4 Nc6 32. f3 Be6 33. Rc3 Bd5
34. Kf2 e6 35. Rb1 Nd7 36. Rb7 Nde5 37. Kg3 Kg7 38. Rc7 Nd4 39. Ra3 Nb5 40. Raa7
Nxa7 41. Rxa7 g5 42. h4 h6 43. hxg5 hxg5 44. Rc7 Kf6 45. Ra7 Kf5 46. Rc7 f6 47.
Rc8 Bb7 48. Rc7 Ba8 49. Rc8 Bd5 50. Rd8 g4 51. f4 Nc6 52. Rh8 e5 53. fxe5 fxe5
54. Rh5+ Ke4 55. Kxg4 Kd4 56. Kh3 e4 57. g4 e3 58. Kg3 Ne5 59. Rh2 Bf3 60. Ra2
e2 61. Ra1 Ke3 62. g5 Be4 63. Kh4 Bc2 64. Rh1 Be4 65. Ra1 Kf2 66. Kh5 e1=Q 67.
Rxe1 Kxe1 68. Kh6 Ke2 69. c6 Nxc6 70. g6 Ne7 0-1

[Event "68th ch-RUS HL 2015"]
[Site "Kaliningrad RUS"]
[Date "2015.06.25"]
[Round "4.13"]
[White "Predke, Alexandr"]
[Black "Sjugirov, Sanan"]
[Result "1/2-1/2"]
[BlackTitle "GM"]
[WhiteElo "2543"]
[BlackElo "2662"]
[WhiteFideId "24107581"]
[BlackFideId "4189302"]
[EventDate "2015.06.22"]

1. Nc3 c5 2. Nf3 Nf6 3. d4 d5 4. Bf4 Nc6 5. e3 a6 6. Ne5 e6 7. Be2 Be7 8. O-O
O-O 9. Nxc6 bxc6 10. Na4 cxd4 11. exd4 a5 12. Re1 Nd7 13. Bd3 c5 14. dxc5 Nxc5
15. Nxc5 Bxc5 16. c4 Qf6 17. Bg3 Bd4 18. cxd5 exd5 19. Rb1 Ba6 20. b3 Bxd3 21.
Qxd3 Rfe8 22. Qb5 Red8 23. Qd3 h5 24. Rbd1 Bb6 25. Qe2 h4 26. Be5 Qf5 27. Bd4
Bxd4 28. Rxd4 h3 29. Qd3 Qxd3 30. Rxd3 hxg2 31. Red1 a4 32. Rxd5 Rxd5 33. Rxd5
axb3 34. axb3 Rb8 35. Rd3 Kh7 36. Kxg2 Kg6 37. Kg3 Rb4 38. Rf3 f6 39. Kg2 f5 40.
Re3 Kf6 41. h3 g5 42. Kf3 g4+ 43. hxg4 fxg4+ 44. Ke2 Rf4 45. Rc3 Ke5 46. Rc5+
Ke6 47. Rb5 Rf3 48. Rb8 Kd7 49. Rb4 Ke6 50. Re4+ Kf5 51. Re3 Rf4 52. Ke1 Kf6 53.
Re2 Rf3 54. Re3 Rf4 55. Ke2 Kf5 56. Rc3 Ke5 57. Rc5+ Ke6 58. Rc2 Rf3 59. Rb2 Rc3
60. b4 g3 61. f3 g2 62. Kf2 Rxf3+ 63. Kxg2 Ke5 1/2-1/2

[Event "68th ch-RUS HL 2015"]
[Site "Kaliningrad RUS"]
[Date "2015.06.25"]
[Round "4.14"]
[White "Grachev, Boris"]
[Black "Rozum, Ivan"]
[Result "1/2-1/2"]
[WhiteTitle "GM"]
[BlackTitle "GM"]
[WhiteElo "2657"]
[BlackElo "2539"]
[WhiteFideId "4129199"]
[BlackFideId "24104272"]
[EventDate "2015.06.22"]

1. d4 Nf6 2. Bg5 e6 3. e4 h6 4. Bxf6 Qxf6 5. c3 e5 6. Bc4 Qg6 7. Ne2 exd4 8. O-O
dxc3 9. Nbxc3 c6 10. Ng3 d6 11. f4 Be7 12. Bd3 Qg4 13. Be2 Qg6 14. Bh5 Qe6 15.
h3 O-O 16. Bg4 Qg6 17. Bxc8 Rxc8 18. Nf5 Bf8 19. Rf3 Qf6 20. Rg3 Na6 21. Qh5 Kh8
22. e5 Qe6 23. Nxd6 Bxd6 24. exd6 Qxd6 25. Qxf7 Rc7 26. Qc4 b5 27. Qf1 Rf8 28.
Rd1 Qb4 29. a4 Rcf7 30. axb5 Rxf4 31. Qe2 cxb5 32. Qxb5 Nc5 33. Qxb4 Rxb4 34.
Rd5 Ne6 35. Re3 Nf4 36. Rd2 Rfb8 37. Re4 Ng6 38. Rxb4 Rxb4 39. Nd5 Rb3 40. Re2
a5 41. Kh2 a4 42. Re4 Rxb2 43. Rxa4 Rd2 1/2-1/2

[Event "68th ch-RUS HL 2015"]
[Site "Kaliningrad RUS"]
[Date "2015.06.25"]
[Round "4.15"]
[White "Landa, Konstantin"]
[Black "Prizant, Jaroslav"]
[Result "1-0"]
[WhiteTitle "GM"]
[BlackTitle "IM"]
[WhiteElo "2627"]
[BlackElo "2516"]
[WhiteFideId "4101685"]
[BlackFideId "4140664"]
[EventDate "2015.06.22"]

1. d4 Nf6 2. c4 g6 3. Nc3 d5 4. Nf3 Bg7 5. Qb3 dxc4 6. Qxc4 O-O 7. e4 Na6 8. Be2
c5 9. d5 e6 10. O-O exd5 11. exd5 Re8 12. Rd1 Bd7 13. Qb3 Qb6 14. Nd2 Qb4 15. h3
Rad8 16. Bc4 Bf5 17. g4 Bc8 18. a3 Qxb3 19. Nxb3 Ne4 20. Nb5 Nd6 21. Nxd6 Rxd6
22. Bf4 Rb6 23. Re1 Rd8 24. Bg5 Bf6 25. Bxf6 Rxf6 26. Re7 Kg7 27. Rd1 b6 28.
Rxa7 Nb8 29. Nd2 Rf4 30. Be2 Rxd5 31. Ra8 Nd7 32. Rxc8 Rfd4 33. Bb5 Rxd2 34.
Rxd2 Rxd2 35. Bxd7 Rxd7 36. Rc6 Rd3 37. Rxb6 Rxh3 38. a4 Rd3 39. a5 Rd4 40. f3
Ra4 41. Rb5 c4 42. Kf2 h5 43. gxh5 gxh5 44. Rxh5 Rb4 45. Ke3 Rxb2 46. Kd4 Kg6
47. Rc5 Rf2 48. a6 Rxf3 49. Ra5 Rd3+ 50. Kxc4 Rd8 51. a7 Ra8 52. Kd5 Kg5 53.
Kc6+ f5 54. Kb7 Rxa7+ 55. Rxa7 Kf4 56. Kc6 Ke4 57. Ra4+ 1-0

[Event "68th ch-RUS HL 2015"]
[Site "Kaliningrad RUS"]
[Date "2015.06.25"]
[Round "4.16"]
[White "Lintchevski, Daniil"]
[Black "Ponkratov, Pavel"]
[Result "0-1"]
[WhiteTitle "GM"]
[BlackTitle "GM"]
[WhiteElo "2557"]
[BlackElo "2610"]
[WhiteFideId "4171055"]
[BlackFideId "4157800"]
[EventDate "2015.06.22"]

1. Nf3 Nf6 2. c4 g6 3. Nc3 d5 4. cxd5 Nxd5 5. e4 Nxc3 6. bxc3 Bg7 7. d4 O-O 8.
Be2 b6 9. O-O Bb7 10. Qc2 c5 11. dxc5 bxc5 12. Rb1 Bc6 13. Bf4 Qa5 14. Be5 Bh6
15. Nd2 Qa4 16. Qxa4 Bxa4 17. Nb3 Nd7 18. Bg3 a5 19. e5 Bc6 20. Rfd1 a4 21. Nd2
Rfd8 22. Bf3 Bxf3 23. Nxf3 Nb6 24. Rxd8+ Rxd8 25. e6 Nc4 26. Rb8 Rxb8 27. Bxb8
Nb6 28. Ne5 fxe6 29. c4 Bf4 30. Nd7 Bxh2+ 31. Bxh2 Nxd7 32. Kf1 Nb6 33. f3 Nxc4
34. Bg1 Kf7 35. Ke2 e5 36. Kd3 Nd6 37. Bxc5 Ke6 38. Bg1 Kd5 39. Kc3 Nc4 40. Kb4
a3 41. Bf2 h5 42. Bg1 e6 43. Bf2 Nb2 44. Kxa3 Nd3 45. Bg1 Kc4 46. Ka4 Ne1 47.
Ka5 Nxg2 48. a4 Ne1 49. Kb6 Nxf3 50. a5 Nd4 51. Bxd4 exd4 52. a6 d3 53. a7 d2
54. a8=Q d1=Q 55. Qc6+ Kd3 56. Qd7+ Kc2 57. Qa4+ Kd2 58. Qd7+ Kc1 59. Qxe6 Qd3
60. Qf6 Kc2 61. Qf2+ Kb3 62. Qf7+ Kc3 63. Qc7+ Kb2 64. Qe5+ Kc2 65. Qc5+ Kb3 66.
Qf2 Qd6+ 67. Kb7 Qe7+ 68. Kc6 Qe4+ 69. Kd6 h4 70. Qf7+ Kc3 71. Qh7 Kd3 0-1

[Event "68th ch-RUS HL 2015"]
[Site "Kaliningrad RUS"]
[Date "2015.06.26"]
[Round "5.1"]
[White "Popov, Ivan RUS"]
[Black "Khairullin, Ildar"]
[Result "0-1"]
[WhiteTitle "GM"]
[BlackTitle "GM"]
[WhiteElo "2647"]
[BlackElo "2653"]
[WhiteFideId "4170350"]
[BlackFideId "4151348"]
[EventDate "2015.06.22"]

1. e4 e5 2. Nf3 Nc6 3. Bb5 a6 4. Ba4 Nf6 5. O-O Be7 6. Bxc6 dxc6 7. d3 Nd7 8.
Nbd2 c5 9. Nc4 Bd6 10. a4 O-O 11. b3 b6 12. Bb2 Re8 13. g3 Rb8 14. Nh4 b5 15.
Ne3 Nf8 16. Nhf5 Ne6 17. Qg4 g6 18. f4 h5 19. Qd1 gxf5 20. fxe5 Bf8 21. Rxf5 Nd4
22. Rxh5 Bg7 23. axb5 axb5 24. c3 Nxb3 25. Qxb3 Qxd3 26. Nf5 Qxe4 27. Rf1 c4 28.
Qd1 Bb7 29. Qf3 Qxf3 30. Rxf3 Bxf3 31. Rg5 Rxe5 32. Rxg7+ Kh8 33. Rxf7 Bd5 34.
Rf6 Rbe8 35. Nd4 Re1+ 36. Rf1 c5 37. Nc2 Rxf1+ 38. Kxf1 Be4 0-1